| 000 | 00897cad a22002055a 4500 | ||
|---|---|---|---|
| 001 | L155115 | ||
| 008 | 120302s20120301xxk f 000 0 eng d | ||
| 035 | _a(Sirsi) u155115 | ||
| 041 | 0 | _aeng | |
| 110 | 2 |
_aNationwide Building Society _91019 |
|
| 245 | 0 | 0 |
_aNationwide house price index _bFebruary 2012 _h[electronic resource] |
| 260 | _c2011 | ||
| 490 | 0 |
_aNationwide House Price Index _vFebruary 2012 |
|
| 520 | _aUnited Kingdom house prices increased by 0.6% in February 2012 and 0.9% on a year on year basis. Notes house prices have picked up which may be partially due to the stamp duty holiday for first time buyers which finishes on the 24 March 2012. | ||
| 590 | _aKA | ||
| 651 | 4 |
_aUnited Kingdom _y |
|
| 690 |
_aResidential property _96266 |
||
| 856 | 4 | 0 |
_uhttps://www.nationwide.co.uk/hpi/historical/Feb_2012.pdf _zView this item free of charge at www.nationwide.co.uk |
| 942 | _n0 | ||
| 999 |
_c113330 _d113330 |
||